Nation, community, minority, identity the role of national constitutional courts in the protection of constitutional identity and minority rights as constitutional values /
Elmentve itt :
| Szerző: | |
|---|---|
| Dokumentumtípus: | Könyv része |
| Megjelent: |
2020
|
| Sorozat: | Nemzetközi és regionális tanulmányok
Nemzet, közösség, kisebbség, identitás - az alkotmánybíróságok védelmező szerepe |
| Kulcsszavak: | Alkotmánybíráskodás - Európa, Nemzeti tudat - Európa, Kisebbségi jog - Európa |
| Tárgyszavak: | |
| Online Access: | http://acta.bibl.u-szeged.hu/69377 |
| LEADER | 01044naa a2200229 i 4500 | ||
|---|---|---|---|
| 001 | acta69377 | ||
| 005 | 20220110151017.0 | ||
| 008 | 200724s2020 hu o 0|| eng d | ||
| 020 | |a 978-963-306-728-4 | ||
| 022 | |a 2064-4639 | ||
| 040 | |a SZTE Egyetemi Kiadványok Repozitórium |b hun | ||
| 041 | |a eng | ||
| 100 | 1 | |a Sulyok Márton | |
| 245 | 1 | 0 | |a Nation, community, minority, identity |h [elektronikus dokumentum] : |b the role of national constitutional courts in the protection of constitutional identity and minority rights as constitutional values / |c Sulyok Márton |
| 260 | |c 2020 | ||
| 300 | |a 5-34 | ||
| 490 | 0 | |a Nemzetközi és regionális tanulmányok | |
| 490 | 0 | |a Nemzet, közösség, kisebbség, identitás - az alkotmánybíróságok védelmező szerepe | |
| 650 | 4 | |a Társadalomtudományok | |
| 650 | 4 | |a Jogtudomány | |
| 695 | |a Alkotmánybíráskodás - Európa, Nemzeti tudat - Európa, Kisebbségi jog - Európa | ||
| 856 | 4 | 0 | |u http://acta.bibl.u-szeged.hu/69377/1/nemzetkozi_es_regionalis_tanulmanyok_017_005-034.pdf |z Dokumentum-elérés |